000 00466cam a22001577a 4500
008 180718b2011 xxu||||| |||| 00| 0 eng d
020 _a8182050847
082 _aBA27x54 An14d
245 _aDalit women: fear and discrimination
_cedited by Meena Anand
260 _aDelhi
_bIsha Books
_c2011
300 _a381p.
650 _aDalits --India
650 _aWomen --India --Economic conditions
650 _aWomen --India --Social conditions
700 _aAnand, Meena
999 _c442212
_d442212